000 00887cam a22002054a 4500
005 20250605164114.0
008 250528s ||||||||||||||||||||||||d
035 _a18015
040 _aGR-AtMCL
_bgre
_dGR-AtMCL
_eAACR2
245 1 _aΜΕ ΤΟ ΘΑΝΑΤΟ ΣΤΗ ΨΥΧΗ
250 _a1
300 _a456
505 0 _aΑΠΟΤΕΛΕΙ ΤΟΝ 3 ΤΟΜΟ ΤΗΣ ΤΡΙΛΟΓΙΑΣ "ΔΡΟΜΟΙ ΤΗΣ ΕΛΕΥΘΕΡΙΑΣ". ΠΡΩΤΟΣ ΤΟΜΟΣ: ΗΛΙΚΙΑ ΤΗΣ ΛΟΓΙΚΗΣ ΔΕΥΤΕΡΟΣ ΤΟΜΟΣ: ΑΝΑΣΤΟΛΗ
520 _aΑΠΟΤΕΛΕΙ ΤΟΝ 3 ΤΟΜΟ ΤΗΣ ΤΡΙΛΟΓΙΑΣ "ΔΡΟΜΟΙ ΤΗΣ ΕΛΕΥΘΕΡΙΑΣ". ΠΡΩΤΟΣ ΤΟΜΟΣ: ΗΛΙΚΙΑ ΤΗΣ ΛΟΓΙΚΗΣ ΔΕΥΤΕΡΟΣ ΤΟΜΟΣ: ΑΝΑΣΤΟΛΗ
700 1 _aSartre Jean Paul
_9505
942 _cBK
260 _bΑρσενιδης
999 _c3407
_d3407